|
|
|
|
| LEADER |
00000nam0a2200000 4500 |
| 001 |
594280 |
| 005 |
20231101131812.0 |
| 035 |
|
|
|a (RuTPU)RU\TPU\tpu\8705
|
| 090 |
|
|
|a 594280
|
| 100 |
|
|
|a 20020530d1986 m y0rusy50 ca
|
| 101 |
0 |
|
|a rus
|
| 102 |
|
|
|a RU
|
| 105 |
|
|
|a y z 001zy
|
| 200 |
1 |
|
|a Изучение радиолиза неорганических азидов в контакте с гетерогенными добавками
|e шестая Всесоюзная конференция по радиационной физике и химии ионных кристаллов ( Рига, 9-11 октября 1986)
|e тезисы докладов
|h Ч. 1
|f М. А. Макеев, Г. П. Адушев, Э. П. Суровой
|
| 210 |
|
|
|a Рига
|d 1986
|
| 215 |
|
|
|a 143 с.
|
| 610 |
1 |
|
|a труды учёных ТПУ
|
| 700 |
|
1 |
|a Макеев
|b М. А.
|c ХТФ
|f 1957-
|g Михаил Алексеевич
|2 tpush
|3 (RuTPU)RU\TPU\pers\4023
|
| 701 |
|
1 |
|a Адушев
|b Г. П.
|c ХТФ
|f 1946-
|g Геннадий Павлович
|2 tpush
|3 (RuTPU)RU\TPU\pers\4030
|
| 701 |
|
1 |
|a Суровой
|b Э. П.
|c кандидат химических наук
|c ХТФ
|f 1948-
|g Эдуард Павлович
|2 tpush
|3 (RuTPU)RU\TPU\pers\3624
|
| 712 |
1 |
0 |
|a Шестая Всесоюзная конференция по радиационной физики и химии ионных кристаллов
|c всесоюзная конференция
|d 6
|e Рига
|f 1986
|
| 801 |
|
1 |
|a RU
|b 63413507
|c 20020530
|g PSBO
|
| 801 |
|
2 |
|a RU
|b 63413507
|c 20100202
|g PSBO
|
| 942 |
|
|
|c BK
|